| 000 | 00506nam a2200169 a 4500 | ||
|---|---|---|---|
| 005 | 20220916063525.0 | ||
| 008 | 100521s1983 mx r 000 0 spa d | ||
| 035 | _aUPN01000176048 | ||
| 049 | _aCG | ||
| 050 | 4 |
_aPQ7298.14 E3.7 _bC8.2 |
|
| 100 | 1 |
_aD'Egremy A., Francisco _932928 |
|
| 245 | 1 | 0 |
_aCuando los niños hablen -- / _cFco. D'Egremy A. ; il. Emigdio Guevara C. |
| 260 |
_a[México : _bSEP, _c1983]. |
||
| 300 |
_a141 p. : _bil. |
||
| 650 | 4 |
_aLiteratura mexicana _ySiglo XX _95344 |
|
| 905 | _aLibro | ||
| 999 |
_c148151 _d148151 |
||